000 01916cad a22001935a 4500
001 L146253
008 081219e20080619xxk f v 000 0 eng d
035 _a(Sirsi) u146253
041 0 _aeng
245 0 0 _aArdentia Limited v British Telecommunications Plc
_h[electronic resource]
260 _c2008
520 _a[2008] EWHC B12 (Ch), 19 June 2008. Case considers whether an applicant could issue court proceedings to obtain a permanent injunction when he failed to engage in mediation following the terms of an arbitration clause in a contract governing the relationship between the parties. Ardentia Limited (A) entered into a project agreement with British Communications (B) to provide information technology to the NHS. An argument arose between the two parties in respect of licence fees. A also argued that B was about to conclude a contract with another company for the development of a new software, therefore disrespecting an exclusive supplier clause in the agreement. One of its clause stipulated that in the event of a dispute, the parties would follow a dispute resolution procedure instead of referring to the courts, except in the case of an application for an interim injunction. A started proceedings in relation to these two matters. B requested arbitration. "Held": Interim relief from the court was to be used in only limited circumstances and to support the dispute resolution process, not to bypass it. The whole dispute resolution procedure had to be exhausted, so an injunction was not available. The judge ordered to stay the proceedings pending arbitration.
590 _aKA
650 2 4 _aARDENTIA LIMITED V BRITISH TELECOMMUNICATIONS PLC
651 4 _aEngland and Wales
_y1543-
690 _aMANAGEMENT-DISPUTE AVOIDANCE, MANAGEMENT AND RESOLUTION
856 4 0 _uhttps://www.bailii.org/ew/cases/EWHC/Ch/2008/2111.html
_zView the case free of charge at www.bailli.org...
942 _n0
999 _c81102
_d81102